Mártires españoles del siglo XX / (Record n. 7194)
[ formato base ]
| 000 -LEADER | |
|---|---|
| fixed length control field | 01021nam a2200277 i 4500 |
| 003 - CONTROL NUMBER IDENTIFIER | |
| control field | IT-RoINE |
| 005 - DATE AND TIME OF LATEST TRANSACTION | |
| control field | 20220627104207.0 |
| 008 - FIXED-LENGTH DATA ELEMENTS--GENERAL INFORMATION | |
| fixed length control field | 021211s1995 sp |r 001|0 spa d |
| 020 ## - INTERNATIONAL STANDARD BOOK NUMBER | |
| International Standard Book Number | 8479141948 |
| 040 ## - CATALOGING SOURCE | |
| Original cataloging agency | 280790025 M-BN |
| Modifying agency | SPA spa |
| -- | IT-RoINE |
| Transcribing agency | esslup IT-RoINE |
| 100 1# - MAIN ENTRY--PERSONAL NAME | |
| Personal name | Cárcel Ortí, Vicente, |
| Dates associated with a name | 1940- |
| 9 (RLIN) | 4655 |
| 245 10 - TITLE STATEMENT | |
| Title | Mártires españoles del siglo XX / |
| Statement of responsibility, etc | por Vicente Cárcel Ortí. |
| 246 33 - VARYING FORM OF TITLE | |
| Title proper/short title | Mártires españoles del siglo veinte |
| 260 ## - PUBLICATION, DISTRIBUTION, ETC. (IMPRINT) | |
| Place of publication, distribution, etc | Madrid : |
| Name of publisher, distributor, etc | Biblioteca de Autores Cristianos, |
| Date of publication, distribution, etc | 1995. |
| 300 ## - PHYSICAL DESCRIPTION | |
| Extent | XV, 659 p. ; |
| Dimensions | 20 cm. |
| 336 ## - CONTENT TYPE | |
| Source | rdacontent |
| Content type term | text |
| 337 ## - MEDIA TYPE | |
| Source | rdamedia |
| Media type term | unmediated |
| 338 ## - CARRIER TYPE | |
| Source | rdacarrier |
| Carrier type term | volume |
| 490 10 - SERIES STATEMENT | |
| Series statement | Biblioteca de Autores Cristianos ; |
| Volume number/sequential designation | 555 |
| 500 ## - GENERAL NOTE | |
| General note | Incluye índices. |
| 504 ## - BIBLIOGRAPHY, ETC. NOTE | |
| Bibliography, etc | "Bibliografía comentada": p. [611]-634. |
| 650 04 - SUBJECT ADDED ENTRY--TOPICAL TERM | |
| Topical term or geographic name as entry element | Mártires cristianos |
| Geographic subdivision | España |
| 9 (RLIN) | 2061 |
| Chronological subdivision | 1936-1939 (Guerra civil) |
| 651 #4 - SUBJECT ADDED ENTRY--GEOGRAPHIC NAME | |
| Geographic name | España |
| General subdivision | Historia |
| Chronological subdivision | 1936-1939 (Guerra civil) |
| 9 (RLIN) | 7494 |
| 830 #0 - SERIES ADDED ENTRY--UNIFORM TITLE | |
| 9 (RLIN) | 843 |
| Uniform title | Biblioteca de Autores Cristianos ; |
| Volume number/sequential designation | 555 |
| 942 ## - ADDED ENTRY ELEMENTS (KOHA) | |
| Item type | Monografías |
| Withdrawn status | Lost status | Damaged status | Not for loan | Home library | Current library | Date acquired | Total Checkouts | Full call number | Barcode | Date last seen | Price effective from | Koha item type | Public note |
|---|---|---|---|---|---|---|---|---|---|---|---|---|---|
| Iglesia Nacional Española en Roma | Iglesia Nacional Española en Roma | 10/12/2014 | COL.A 16.555 | 9199 | 13/01/2015 | 10/12/2014 | Monografías | Dedica autógr. del autor. | |||||
| Iglesia Nacional Española en Roma | Iglesia Nacional Española en Roma | 15/11/2018 | NOVALÍN 1237 | NOV-1323 | 15/11/2018 | 15/11/2018 | Monografías |